| 000 | 01133cam a2200373 i 4500 | ||
|---|---|---|---|
| 999 |
_c200448712 _d66924 |
||
| 001 | 200448712 | ||
| 003 | TR-AnTOB | ||
| 005 | 20220427093503.0 | ||
| 007 | ta | ||
| 008 | 970606s19981998mauab 001 0 eng | ||
| 010 | _a 97025681 | ||
| 020 | _a025617217X (alk. paper) | ||
| 020 | _a0256172668 (student's ed. : alk. paper) | ||
| 020 | _a0071152261 (International ed. : alk. paper) | ||
| 035 | _a(TR-AnTOB)200448712 | ||
| 040 |
_aDLC _beng _erda _cDLC _dDLC _dTR-AnTOB |
||
| 041 | 0 | _aeng | |
| 050 | 0 | 0 |
_aHB172.5 _b.C638 1998 |
| 090 |
_aHB172.5 _b.C638 1998 |
||
| 100 | 1 |
_aColander, David C. _eauthor _91917 |
|
| 245 | 1 | 0 |
_aMacroeconomics / _cDavid C. Colander. |
| 250 | _aThird edition | ||
| 264 | 1 |
_aBoston, Mass. : _bIrwin/McGraw-Hill, _c1998. |
|
| 264 | 4 | _c©1998 | |
| 300 |
_a1 volume (various pagings) : _billustrations (some color), color maps ; _c28 cm |
||
| 336 |
_atext _btxt _2rdacontent |
||
| 337 |
_aunmediated _bn _2rdamedia |
||
| 338 |
_avolume _bnc _2rdacarrier |
||
| 500 | _aIncludes index. | ||
| 650 | 0 |
_aMacroeconomics _9421 |
|
| 942 |
_2lcc _cBK |
||